|
|
|
|
| LEADER |
00000nam0a2200000 4500 |
| 001 |
336746 |
| 005 |
20240127150914.0 |
| 010 |
|
|
|a 9785936295911
|
| 035 |
|
|
|a (RuTPU)RU\TPU\book\363198
|
| 090 |
|
|
|a 336746
|
| 100 |
|
|
|a 20171023d2017 m y0rusy50 ca
|
| 101 |
0 |
|
|a rus
|
| 102 |
|
|
|a RU
|
| 105 |
|
|
|a a j 001zy
|
| 200 |
1 |
|
|a Внутрилабораторный контроль качества результатов химического анализа
|e учебное пособие для курсов повышения квалификации
|f А. Г. Терещенко, Н. П. Пикула
|
| 210 |
|
|
|a Томск
|c STT
|d 2017
|
| 215 |
|
|
|a 266 с.
|c ил.
|
| 320 |
|
|
|a Библиогр.: с.255-264
|
| 330 |
|
|
|a Рассмотрены основные этапы работ по организации внутреннего контроля качества результатов химического анализа в испытательных лабораториях. Отражены метрологические проблемы количественного химического анализа. Подробно описан контроль стабильности результатов измерений с использованием контрольных карт Шухарта. Приведены примеры вариантов расчетов при использовании различных алгоритмов контроля качества результатов анализа. Показано использование лабораторной информационной системы "Химик-аналитик" для целей внутрилабораторного контроля. Издание предназначено для слушателей курсов по повышению квалификации, сотрудников испытательных аналитических лабораторий, а также для преподавателей и студентов химических и химико-технологических направлений вузов и колледжей.
|
| 606 |
1 |
|
|a Химический анализ
|x Контроль качества
|2 stltpush
|3 (RuTPU)RU\TPU\subj\74402
|9 86700
|
| 610 |
1 |
|
|a учебные пособия
|
| 610 |
1 |
|
|a внутрилабораторный контроль
|
| 610 |
1 |
|
|a метрология
|
| 610 |
1 |
|
|a количественный анализ
|
| 610 |
1 |
|
|a лабораторные информационные системы
|
| 610 |
1 |
|
|a Химик-аналитик
|
| 610 |
1 |
|
|a информационные технологии
|
| 675 |
|
|
|a 543.08(07)
|v 4
|
| 700 |
|
1 |
|a Терещенко
|b А. Г.
|c химик-технолог
|c заведующий лабораторией Томского политехнического университета, кандидат технических наук
|f 1946-
|g Анатолий Георгиевич
|3 (RuTPU)RU\TPU\pers\25305
|9 11303
|
| 701 |
|
1 |
|a Пикула
|b Н. П.
|c химик
|c доцент Томского политехнического университета, кандидат химических наук
|f 1949-
|g Нина Павловна
|3 (RuTPU)RU\TPU\pers\25622
|9 11551
|
| 801 |
|
1 |
|a RU
|b 63413507
|c 20171023
|
| 801 |
|
2 |
|a RU
|b 63413507
|c 20190507
|g RCR
|
| 942 |
|
|
|c BK
|